000 00410nam a22001457a 4500
003 SGT
082 _a618.2
_bE94A
100 _aJINGU, ANURADHA
245 _aEVALUATION OF FETAL BREATHING MOVEMENTS & UTERINE ACTIVITY AS PREDICTORS OF SUCCESSFUL INDUCTION IN PROLONGED PREGNANCIES
260 _aDELHI
_bUNIVERSITY OF DELHI
_c1994
300 _a78
650 _aOBST. & GYNE
653 _aM.D
942 _2ddc
_cTH
999 _c26537
_d26537